000 00537nam a2200217Ia 4500
003 OSt
005 20221005121415.0
006 a|||||r|||| 00| 0
007 ta
008 221004b |||||||| |||| 00| 0 eng d
024 _a32241
037 _cTextual
040 _aCRL
_cCRL
_beng
041 _2eng
_aeng
082 _a9051z7, D4
100 _aButcher S.H.
_948109
245 0 _aHarvard lectures on Greek subjects.
260 _c1884
942 _h9051z7, D4
_cTEXL
_2cc
999 _c1041081
_d1041081